LEADER 01310nam a2200253 u 4500 001 000000006228 003 CaOOAMICUS 005 20070226104842.0 008 940725s1934 it ac u000 u ita u 035 $a10159556 040 $aPUL(R)$bita 111 2 $aConvegno di scienze Fisiche, Matematiche e naturali$d(1933 :$cRoma).$0(OLS)http://pul/name/6363 245 10$aConvegno di scienze fisiche, matematiche o naturali :$b25 settembre - 1. ottobre 1933-XI : Tema: l'immunologia. 260 $aRoma :$bReale Accademia d'Italia,$c1934. 300 $a397 p. :$bant., ritr. ;$c26 cm 490 1 $aReale Accademia d'Italia. Fondazione Alessandro Volta. Atti dei convegni ;$v3 710 2 $aFondazione Alessandro Volta.$0(OLS)http://pul/name/6361 830 0$aAtti dei convegni (Fondazione Alessandro Volta) ;$v3.$0(OLS)http://pul/title/9171 850 $aPUL 852 $aPUL$W1$xDP2 Filosofia 1$y62$m97 Z 8$j8852$nBK-PRI$qStampati$B8852$CPULBib$Z2$F8852 $H84044 $82 941 1 $a8 961 $aTimbri: Bibliotheca Pia Pont. Seminarii Romani. 996 $6245$aConvegno di scienze fisiche, matematiche o naturali :$b25 settembre - 1. ottobre 1933-XI : Tema: l'immunologia$9(OLS)http://pul/title/9174 996 $6260$aRoma :$bReale Accademia d'Italia$9(OLS)http://pul/publisher/51191 LEADER 01045nam a2200253 u 4500 001 000000030468 003 CaOOAMICUS 005 20070226112030.0 008 970916s1967 fr u000 u fre u 035 $a10769497 040 $aPUL(R)$bita$dEFR 100 1 $aSeux, M. J.$q(Marie-Joseph).$0(OLS)http://pul/name/24532 245 10$aEpithètes royales akkadiennes et sumériennes /$cM.-Joseph Seux. 260 $aParis :$bLetouzey et Ané,$c1967. 300 $a485 p. ;$c25 cm 502 $aThèse, 3e cycle. Lettres -- Univ. de Paris, 1964. 504 $aBibliografia in nota. 710 2 $aCentre national de la recherche scientifique (Francia).$0(OLS)http://pul/name/720 850 $aPUL 852 $aPUL$W1$xSL Religione 1$y3$m1(4) H 8$j42097$nBK-PRI$b $qStampati$B42097$CPULBib$Z2$F42097 $H $81 941 1 $a8 961 $aINV: 29058 996 $6245$aEpithètes royales akkadiennes et sumériennes$9(OLS)http://pul/title/41857 996 $6260$aParis :$bLetouzey et Ané$9(OLS)http://pul/publisher/48322